000
00243nam a2200109Ia 4500
008
230320s9999||||xx |||||||||||||| ||spa||
082
_a
891.36/T68O
100
_a
Tolstoi, Leon
245
0
_a
Obras
260
_b
AGUILARTOLSTOI,
942
_8
0
_c
LIB
999
_c
30656
_d
30656